书目信息 |
| 题名: |
绿色化学通用教程
|
|
| 作者: | 汪朝阳 主编 | |
| 分册: | ||
| 出版信息: | 北京 中国纺织出版社 2020.03 |
|
| 页数: | 276页 | |
| 开本: | 26cm | |
| 丛书名: | ||
| 单 册: | ||
| 中图分类: | X78 | |
| 科图分类: | ||
| 主题词: | 化学工业--hua xue gong ye--无污染技术--高等教育--教材 | |
| 电子资源: | ||
| ISBN: | 978-7-5180-7137-1 | |
| 000 | 01007nam0 2200265 450 | |
| 001 | 202020140345 | |
| 005 | 20200926181352.0 | |
| 010 | @a978-7-5180-7137-1@dCNY68.00 | |
| 100 | @a20200918d2020 em y0chiy50 ea | |
| 101 | 0 | @achi |
| 102 | @aCN@b110000 | |
| 105 | @aa a 000yy | |
| 106 | @ar | |
| 200 | 1 | @a绿色化学通用教程@Alv se hua xue tong yong jiao cheng@f汪朝阳主编 |
| 205 | @a第2版 | |
| 210 | @a北京@c中国纺织出版社@d2020.03 | |
| 215 | @a276页@c图@d26cm | |
| 320 | @a有书目 (第262-276页) | |
| 330 | @a本书针对其内涵新颖、化学内容丰富、涉及多个学科、知识面广、综合性强、重在观念、富有哲理等特点, 介绍了绿色化学的基本内涵, 深入剖析其在各方面、各行业的实践与延伸, 总结了绿色化学的哲学精髓 —— 绿色科技观。全书注重人文性、社会性、知识性、基础性、科普性、趣味性。 | |
| 333 | @a高等教育教材 | |
| 606 | 0 | @a化学工业@Ahua xue gong ye@x无污染技术@x高等教育@j教材 |
| 690 | @aX78@v5 | |
| 701 | 0 | @a汪朝阳@Awang zhao yang@4主编 |
| 801 | 0 | @aCN@c20200413 |
| 905 | @a河南城建学院图书馆@dX78@eW058 | |
| 绿色化学通用教程/汪朝阳主编.-第2版.-北京:中国纺织出版社,2020.03 |
| 276页:图;26cm |
| 使用对象:高等教育教材 |
| ISBN 978-7-5180-7137-1:CNY68.00 |
| 本书针对其内涵新颖、化学内容丰富、涉及多个学科、知识面广、综合性强、重在观念、富有哲理等特点, 介绍了绿色化学的基本内涵, 深入剖析其在各方面、各行业的实践与延伸, 总结了绿色化学的哲学精髓 —— 绿色科技观。全书注重人文性、社会性、知识性、基础性、科普性、趣味性。 |
| ● |
| 相关链接 |
|
|
|
正题名:绿色化学通用教程
索取号:X78/W058
 
预约/预借
| 序号 | 登录号 | 条形码 | 馆藏地/架位号 | 状态 | 备注 |
| 1 | 1490569 | 214905691 | 自科库501/501自科库 110排1列5层/ [索取号:X78/W058] | 在馆 |